000 004320000a22001690004500
003 MACL
005 20151229155905.0
008 151229b xxu||||| |||| 00| 0 eng d
040 _aMACL
_cMACL
041 _aEnglish
082 _a270/BED
100 _aBede, Venerable
_924179
245 _aTheEcclesiastical History of The English Natio
260 _bJ M Dent & Sons LTD
650 _aReligion
_924180
942 _cBK
_k270/BED
_2ddc
999 _c38046
_d38046